Emma

Αποθηκεύτηκε σε:
Λεπτομέρειες βιβλιογραφικής εγγραφής
Κύριος συγγραφέας: Austen, Jane, 1775-1817
Άλλοι συγγραφείς: Nickless, Will (Εικονογράφος), West, Michael (Michael Philip), 1888-1973 (Επιμελητής έκδοσης)
Μορφή: Βιβλίο
Γλώσσα:English
Δημοσίευση: [London] : Longmans, [1960]
Σειρά:New method supplementary reader ; ; stage 5
Θέματα:
Ετικέτες: Προσθήκη ετικέτας
Δεν υπάρχουν, Καταχωρήστε ετικέτα πρώτοι!

MARC

LEADER 00000cam a2200000 i 4500
001 1/97623
008 081119r19601956 eng d
035 |l 10101786 
040 |a GR-MY-UA  |b gre  |e aacr 
041 0 |a eng 
082 0 |a 428.6  |2 (22) 
100 1 |a Austen, Jane,   |d 1775-1817. 
245 1 0 |a Emma /  |c by Jane Austen ; simplified and brought within the vocabulary of New Method Reader 5 by Michael West and E. P. Hart ; illustrated by W. Nickless 
260 |a [London] :   |b Longmans,   |c [1960] 
300 |a 127 σ.;  |c 19 εκ. 
490 1 |a New method supplementary reader  |v ; stage 5 
500 |a "Fourth impression 1960" 
650 0 0 |a Readers  |y 1950- 
650 0 0 |a English language  |x Readers. 
650 0 0 |a English language  |v Textbooks for foreign speakers. 
700 1 |a Nickless, Will.  |4 ill 
700 1 |4 edt  |a West, Michael   |q (Michael Philip),   |d 1888-1973. 
830 0 |a New method supplementary reader ;  |v ; stage 5 
852 |a INST  |b RHODES  |c AKA  |e 20081119  |h  428.6 AUS  |p 005400031316  |q 005400031316  |t BK  |y 0 
901 |a BIBL4-2008-3 
909 |a Ρ  |b 156372 
970 |a ΚΟΖΑ  |b ΜΑΡΙΑ  |z 2008/11/19